000 00857naa a22002177a 4500
003 BPK
005 20160222142312.0
008 160222b1985 pl ||||| |||| 10| 0 pol
040 _cBPK
080 _a528.425
100 _aŁUKIANOWICZ, Czesław.
_d1973 - 1996.
_bWyższa Szkoła Inżynierska w Koszalinie - Wydział Mechaniczny,
_cZakład Technologii Maszyn
245 _aUkład do rejestracji topografii powierzchni technicznych /
_cCzesław Łukianowicz.
260 _c1985.
500 _aDane z kartoteki bpp.
650 0 _aTopografia.
650 0 _aPowierzchnia.
655 0 _aMateriały konferencyjne.
711 _aMiędzynarodowa Konferencja Metrologów
_n(8 ;
_d1985 ;
_cZielona Góra, Polska).
773 _iW :
_tVIII Międzynarodowa Konferencja Metrologów. -
_dZielona Góra, 1985. -
_gs. 170-173
942 _cART
_2UKD
999 _c7340
_d7340